Nuevas lecciones de Aritmética elemental

Gespeichert in:
Bibliographische Detailangaben
1. Verfasser: Moyano, Nicanor
Format: Buch
Sprache:Spanisch
Erschienen: Santiago Imprenta de el independiente 1887
Ausgabe:4° ed.
Katalog:MANES:  Suchergebnis im Bibliothekskatalog
Schulbuchspezifische Eigenschaften:
Tags: Tag hinzufügen
Keine Tags, Fügen Sie den ersten Tag hinzu!
Hinzugefügt zu:15.02.2021
Geändert in:25.04.2025

MARC

LEADER 00000nam a22000007a 4500
005 20250425101512.0
008 210216b ||||| |||| 00| 0 spa d
040 |a MGM 
561 |5 cl-MGM  |3 T 372.7045 M938n 1887 c.1  |a Chile. Museo Gabriela Mistral  |k MANES 
999 |c 91539  |d 91539 
100 |9 35483  |a Moyano, Nicanor 
245 |a Nuevas lecciones de Aritmética elemental  
250 |a 4° ed. 
260 |a Santiago  |b Imprenta de el independiente  |c 1887 
300 |a 188 p.  |c 16,5 x 12,2 cm. 
546 |a Chile  
690 0 |a MATE 
691 |a PRI 
942 |2 ddc  |c BK 
999 |c manes:91539  |d 91539